[Event "FICGS rapid A 000065 email"]
[Site "FICGS email"]
[Date "2009.06.29"]
[Round "1"]
[White "Kopytov, Ruslan"]
[Black "Riha, Josef"]
[Result "0-1"]
[WhiteElo "1976"]
[BlackElo "1989"]
[PlyCount "28"]
[EventDate "2009.??.??"]
[EventType "tourn (rapid)"]
[EventRounds "6"]
[SourceTitle "Corr 2022"]
[Source "ChessBase"]
[SourceDate "2021.10.24"]
[SourceVersion "1"]
[SourceVersionDate "2021.10.24"]
[SourceQuality "1"]

1. e4 c6 2. d4 d5 3. Nd2 dxe4 4. Nxe4 Bf5 5. Ng3 Bg6 6. h4 h6 7. Nf3 e6 8. Ne5 Bh7 9. Bd3 Bxd3 10. Qxd3 Nd7 11. f4 c5 12. Be3 Qa5+ 13. Bd2 Qc7 14. 0-0-0 cxd4 0-1

[Event "FICGS rapid M 000011 email"]
[Site "FICGS email"]
[Date "2008.09.16"]
[Round "1"]
[White "Broniek, Mariusz Maciej"]
[Black "Kopytov, Ruslan"]
[Result "1-0"]
[WhiteElo "2102"]
[BlackElo "2112"]
[PlyCount "57"]
[EventDate "2008.??.??"]
[EventType "tourn (rapid)"]
[EventRounds "6"]
[SourceTitle "Corr 2022"]
[Source "ChessBase"]
[SourceDate "2021.10.24"]
[SourceVersion "1"]
[SourceVersionDate "2021.10.24"]
[SourceQuality "1"]

1. e4 c5 2. Nf3 d6 3. d4 cxd4 4. Nxd4 Nf6 5. Nc3 a6 6. Bg5 e6 7. f4 Qb6 8. Qd2 Qxb2 9. Rb1 Qa3 10. e5 dxe5 11. fxe5 Nfd7 12. Ne4 h6 13. Bh4 Qxa2 14. Rd1 Qd5 15. Qe3 Qxe5 16. Be2 Bc5 17. Bg3 Bxd4 18. Rxd4 Qa5+ 19. Rd2 0-0 20. Bd6 Rd8 21. Qg3 Qf5 22. Be5 Qg6 23. Qh4 Nc6 24. Bb2 f5 25. Bh5 Qh7 26. Bf7+ Kh8 27. Ng5 hxg5 28. Qxg5 e5 29. Rd3 1-0

[Event "FICGS rapid M 000011 email"]
[Site "FICGS email"]
[Date "2008.09.16"]
[Round "1"]
[White "Kopytov, Ruslan"]
[Black "Gray, Garvin"]
[Result "0-1"]
[WhiteElo "2112"]
[BlackElo "2098"]
[PlyCount "36"]
[EventDate "2008.??.??"]
[EventType "tourn (rapid)"]
[EventRounds "6"]
[SourceTitle "Corr 2022"]
[Source "ChessBase"]
[SourceDate "2021.10.24"]
[SourceVersion "1"]
[SourceVersionDate "2021.10.24"]
[SourceQuality "1"]

1. e4 e5 2. Nf3 Nc6 3. Bb5 a6 4. Ba4 Nf6 5. 0-0 Be7 6. Re1 b5 7. Bb3 0-0 8. h3 Bb7 9. d3 d6 10. a3 Nb8 11. Nbd2 Re8 12. Nf1 Nbd7 13. Ng3 g6 14. Ba2 c5 15. Bh6 Qc7 16. Qd2 d5 17. Rad1 c4 18. exd5 Bxd5 0-1

[Event "Moscow op-B 04th"]
[Site "Moscow"]
[Date "2008.02.06"]
[Round "5"]
[White "Siritsa, Dmitry"]
[Black "Kopytov, Ruslan"]
[Result "1-0"]
[WhiteElo "2249"]
[BlackElo "2112"]
[PlyCount "69"]
[EventDate "2008.02.02"]
[EventType "swiss"]
[EventRounds "9"]
[EventCountry "RUS"]
[SourceTitle "CBM 122 Extra"]
[Source "ChessBase"]
[SourceDate "2008.03.04"]
[SourceVersion "1"]
[SourceVersionDate "2008.03.04"]
[SourceQuality "1"]

1. e4 c5 2. Nf3 d6 3. d4 cxd4 4. Nxd4 Nf6 5. Nc3 a6 6. Bg5 Nbd7 7. f4 e5 8. Nf5 Qb6 9. Qd2 h6 10. Bxf6 Nxf6 11. 0-0-0 Bxf5 12. exf5 Be7 13. Bc4 0-0 14. Rhe1 Rac8 15. Bb3 Qc7 16. h3 b5 17. a3 Qb7 18. g4 exf4 19. Qxf4 a5 20. Rd4 Rfe8 21. Kb1 Bf8 22. Red1 Rxc3 23. bxc3 d5 24. Bxd5 Nxd5 25. Rxd5 b4 26. Rd7 Qb5 27. a4 Qc6 28. Qc7 Qe4 29. Qb7 bxc3 30. Qxe4 Rxe4 31. R7d4 Re7 32. Rd8 Rb7+ 33. Kc1 f6 34. R1d3 Rc7 35. R3d7 1-0